000 00510nam a22001697a 4500
005 20251108165030.0
008 250721s2009 xx 000 0 ara d
082 1 4 _a792.01/يوس
100 1 _aيوسف، عقل مهدي
245 1 0 _aمتعة المسرح : دراسة في علوم المسرح نظريا و تطبيقيا /
264 1 _aعمان :
_bدارالكندي،
_c2009.
300 _a117ص.
650 1 7 _aالمسرح
650 1 7 _aعلم المسرح
942 _2ddc
_cBK
999 _c20410
_d20410